00515nam a22001697a 450000500170000001000170001702000230003403500170005703700260007408200130010010000160011324500570012926000420018627000430022830000210027150000530029220120823123643.0 aB-461477-481 a8171563740c825.00 aB-461477-481 adplbVirtuous Pub/Ven a954.0842 aIkram, S.M. aIndian Muslims and partition of India/cby S.M.Ikram aNew DelhibAtlantic Publishers c1992 aB-2, Vishal EnclavebNew Delhie110027 a533p.c22cm (Hb) aIt includes bibliographical references and index